A short history of Africa
Saved in:
| Main Author: | |
|---|---|
| Other Authors: | |
| Format: | Book |
| Language: | English |
| Published: |
Harmondsworth :
Penguin,
1979
|
| Edition: | 5th ed. |
| Series: | Penguin African library
|
| Subjects: | |
| Tags: |
Add Tag
No Tags, Be the first to tag this record!
|
MARC
| LEADER | 00000cam a2200000 i 4500 | ||
|---|---|---|---|
| 001 | 1/25876 | ||
| 008 | 060309s1979 eng d | ||
| 020 | |a 0-14041-002-3 | ||
| 035 | |l 10083022 | ||
| 040 | |a GR-MY-UA |b gre |e aacr | ||
| 041 | 0 | |a eng | |
| 082 | 0 | |a 960 |2 (22) | |
| 100 | 1 | |a Oliver, Roland Anthony. | |
| 245 | 1 | 2 | |a A short history of Africa / |c Roland Oliver and J. D. Fage |
| 250 | |a 5th ed. | ||
| 260 | |a Harmondsworth : |b Penguin, |c 1979 | ||
| 300 | |a 304 σ.; |b χάρτ.; |c 18 εκ. | ||
| 490 | 1 | |a Penguin African library | |
| 504 | |a Περιέχει βιβλιογραφία (σ. [275]-289) και ευρετήριο | ||
| 651 | 0 | |a Africa |x History. | |
| 700 | 1 | |a Fage, J. D. | |
| 830 | 0 | |a Penguin African library | |
| 852 | |a INST |b LESVOS |e 20060309 |h 960 OLI |p 005100034723 |q 005100034723 |t BK |y 0 | ||
| 852 | |a INST |b LESVOS |e 20190802 |h 960 OLI |p 005100061815 |q 005100061815 |t BK |y 0 | ||
| 901 | |a BIBL1-2006-1 | ||
| 909 | |a Λ |b 126076 | ||
| 970 | |a ΚΑΡΑ |b ΓΙΑΣΕΜΗ |z 2006/03/09 | ||